000 00869nam a2200229Ia 4500
003 Ost
005 20260507075016.0
008 260507s9999||||xx |||||||||||||| ||und||
020 _a4944152977
040 _cfsecg
041 _aara
082 _a658.15
100 _aأباظمة، أحمد عبد الله قمحاوي
_eمؤلف
245 0 _aمدخل كمي لإدارة الأخطار ورياضيات المال والاستثمار /
_c أحمد عبد الله قمحاوي أباظمة
260 _aالرياض:
_bمطبعة الاشعاع الفنية,
_c2002
300 _a272 صفحة؛
_bإيضاحات ؛
_c24 سم
504 _aجداول مالية ص.263
520 _aإدارة الأخطار- رياضيات المال والاستثمار
653 _aالإدارة المالية
653 _aالاستثمار
942 _cكتاب
999 _c42214
_d42214